000 00672nam a2200277Ia 4500
005 20260324132534.0
008 008 260324s9999 xx 000 0 eng d
020 _a9781315248110
037 _aEBOOK
040 _aCRL
040 _beng
040 _cCRL
041 _2eng
041 _aeng
084 _qCRL
100 _aMax Barlow; Doris Wastl-Walter
_91189672
245 0 _aNew Challenges in Local and Regional Administration
260 _bTaylor and Francis
260 _c2004
365 _a
365 _b65.99
856 _uhttp://www.taylorfrancis.com/books/9781315248110
942 _cEBOOK
999 _c1787861
_d1787861